Organisation et fonctionnement des institutions ottomanes en Egypte, 1517-1917 : étude documentaire /
Main Author:
Corporate Author:
Format: Book
Language:
French
Arabic
Series:
Publications de la Société Turque d'Histoire,
93.
Subjects:
Tags: Add Tag
Call Number: JQ3831 .M68 1989
| LEADER | 01644namaa2200361 4500 | ||
|---|---|---|---|
| 001 | 21490 | ||
| 003 | OSt | ||
| 005 | 20210912071139.0 | ||
| 008 | 130303s1989 tu a g b 001 0 fre d | ||
| 952 | |0 0 |1 0 |2 lcc |4 0 |6 JQ3831 M68 01989 |7 1 |9 18622 |a ARCE |b ARCE |d 2021-09-12 |l 0 |o JQ3831 .M68 1989 |r 2021-09-12 00:00:00 |w 2021-09-12 |y BK | ||
| 999 | |c 21742 |d 21742 | ||
| 010 | |a 93954795 | ||
| 020 | |a 9751600480 | ||
| 040 | |c ARCE Library | ||
| 041 | 0 | |a fre |a ara | |
| 043 | |a f-ua--- | ||
| 050 | 0 | 4 | |a JQ3831 .M68 1989 |
| 100 | 1 | |6 880-01 |a Mouelhy, Ibrahim, |e author |9 36286 | |
| 245 | 1 | 0 | |a Organisation et fonctionnement des institutions ottomanes en Egypte, 1517-1917 : |b étude documentaire / |c d'après les sources archivistiques égyptiennes par Ibrahım el-Mouelhy. |
| 264 | 1 | |a [Ankara] : |b Imprimerie de la société turque d'histoire, |c 1989. | |
| 300 | |a x, 210 pages : |b illustrations ; |c 24 cm. | ||
| 490 | 1 | |a Publications de la Société Turque d'Histoire, série 7 ; |v 93. | |
| 500 | |a At head of title : Conseil suprême d'Atatürk pour culture, langue et histoire. | ||
| 504 | |a Includes bibliographical references (pages [201]-203) and index. | ||
| 546 | |a Text in French with brief passages in Arabic. | ||
| 650 | 0 | |a Land tenure |z Egypt |x History |v Sources. | |
| 651 | 0 | |a Egypt |x Politics and government |y 1882-1952 |v Sources. | |
| 651 | 0 | |a Egypt |x Politics and government |y 640-1882 |v Sources. | |
| 710 | 2 | |a Atatürk Kültür, Dil, ve Tarih Yüksek Kurumu (Turkey) |9 21419 | |
| 830 | 0 | |a Publications de la Société Turque d'Histoire, |n série 7 ; |v 93. | |
| 880 | 1 | |6 100-01/(3/r |a مويلحي، إبراهيم | |
| 901 | |a reviewed | ||
| 942 | |c BK |2 lcc | ||
